| Tag |
First Indicator |
Second Indicator |
Subfields |
| LEADER |
00000cam a2200000 a 4500 |
| 001 |
in00000012370 |
| 005 |
20151007051821.0 |
| 008 |
870723s1987 moua c 00010 eng d |
| 020 |
|
|
|a 0875296211 (pbk.)
|
| 035 |
|
|
|a (OCoLC)16462950
|
| 035 |
|
|
|9 AAA4933AM
|
| 040 |
|
|
|a BRL
|c BRL
|d TXA
|d UtOrBLW
|
| 043 |
|
|
|a a------
|a n-us-mo
|
| 049 |
|
|
|a TXAM
|c [A12640782]
|
| 050 |
0 |
0 |
|a DS5.5
|b .H355 1987
|
| 110 |
2 |
|
|a Hallmark Cards, Inc.
|
| 245 |
1 |
0 |
|a Wanderlust :
|b work by eight contemporary photographers from the Hallmark photographic collection /
|c Keith F. Davis.
|
| 264 |
|
1 |
|a Kansas City, Mo. :
|b Hallmark Cards ;
|c [1987]
|
| 264 |
|
2 |
|a Albuquerque, N.M. :
|b Distributed by the University of New Mexico Press,
|
| 264 |
|
4 |
|c ©1987
|
| 300 |
|
|
|a 91 pages :
|b chiefly illustrations (some color) ;
|c 23 x 31 cm.
|
| 336 |
|
|
|a text
|b txt
|2 rdacontent
|
| 337 |
|
|
|a unmediated
|b n
|2 rdamedia
|
| 338 |
|
|
|a volume
|b nc
|2 rdacarrier
|
| 500 |
|
|
|a Catalog issued in conjunction with a traveling exhibition.
|
| 505 |
1 |
|
|a Linda Connor -- Ed Grazda -- Richard Pare -- Stuart Klipper -- Mitch Epstein -- Rosalind Solomon -- Lois Conner -- Lee Friedlander.
|
| 610 |
2 |
0 |
|a Hallmark Cards, Inc.
|x Photograph collections
|x Exhibitions.
|
| 651 |
|
0 |
|a Asia
|v Pictorial works.
|
| 700 |
1 |
|
|a Davis, Keith F.,
|d 1952-
|
| 999 |
|
|
|a MARS
|
| 999 |
f |
f |
|s 34273de1-9a92-3cbf-967b-e39dc0f76d29
|i 860d53b2-fce7-33f1-86df-b87498958942
|t 0
|
| 952 |
f |
f |
|p ric
|a Texas A&M University
|b Rellis Campus
|c Joint Library Facility
|d Remote Storage
|t 0
|e DS5.5 .H355 1987
|h Library of Congress classification
|i unmediated -- volume
|m A14812640782
|
| 998 |
f |
f |
|a DS5.5 .H355 1987
|t 0
|l Remote Storage
|